000 00416nam a2200169Ia 4500
005 20250321120117.0
008 231217s9999 xx 000 0 und d
020 _a9788184043792
082 _a001.6424PYT LUT;2 R1
100 _aLutz, Mark.
245 0 _aProgramming Python
250 _a3rd ed.
260 _c2006
_bShroff
_aMumbai
300 _axLii, 1552+15
650 _aProgramming,Python
942 _cAA
999 _c184559
_d184559